000 00668nam a2200133Ia 4500
008 171212s9999 xx 000 0 und d
020 _a9780833029263
100 _aBloom, David;Canning, David;Sevilla, Jaypee
245 _cBloom, David;Canning, David;Sevilla, Jaypee
_aThe Demographic Dividend
_bA New Perspective on the Economic Consequences of Population Change
260 _bRAND Corporation
_c2003
650 _aDemographic transition; Age distribution (Demography); Population; Fertility, Human; Economic development; Demographic transition -- Developing countries
650 _aPopulation Studies
856 _uwww.jstor.org/stable/10.7249/mr1274wfhf-dlpf-rf-unpf
999 _c352635
_d352635